Vista normal
Vista MARC
Entrada Personal Name
Número de registros utilizados en: 1
001 - CONTROL NUMBER
- control field: 17657
003 - CONTROL NUMBER IDENTIFIER
- control field: Mx-PuUPA
005 - DATE AND TIME OF LATEST TRANSACTION
- control field: 20251030124741.0
008 - FIXED-LENGTH DATA ELEMENTS
- fixed length control field: 251030|| aca||aabn | a|a d
040 ## - CATALOGING SOURCE
- Original cataloging agency: Mx-PuUPA
- Language of cataloging: spa
- Transcribing agency: Mx-PuUPA
- Modifying agency: Mx-PuUPA
- Description conventions: rda
100 1# - HEADING--PERSONAL NAME
- Personal name: González Jordan, María Guadalupe,
373 ## - ASSOCIATED GROUP
- Associated group: Centro de Estudios Superiores en Ciencias Jurídicas y Criminológicas
- Associated group: Instituto Federal Electoral
374 ## - OCCUPATION
- Occupation: Autora
- Occupation: Doctora en Derecho Penal
- Occupation: Docente certificada en Derechos Humanos
- Occupation: Especialidad en Justicia Electoral
375 ## - GENDER
- Gender: mujer
377 ## - ASSOCIATED LANGUAGE
- Language code: spa
400 1# - SEE FROM TRACING--PERSONAL NAME
- Personal name: Jordan, María Guadalupe González
670 ## - SOURCE DATA FOUND
- Source citation: Derecho penal electoral, 2018:
- Information found: t.p. ( María Guadalupe González Jordan) portada